000 01410nam a2200313 i 4500
003 EG-GICUC
005 20260502083213.0
008 260502s2008 ua a|||fr|||| 00| 0 ara d
017 _a200815808
040 _a EG-GICUC
_bara
_c EG-GICUC
_d EG-GICUC
_erda
082 0 4 _221
_a345.456
_bع ب . س
092 0 4 _221
099 _aLaw1 07 345.456 ع ب . س 2008
100 1 _aعبد الله محمد محمود
_eمؤلف.
245 1 2 _aالسلطات والأجهزة الإدارية المحلة في الإمارات العربية المتحدة بين نظامي الإدارة المحلية والحكم المحلي /
_cعبد الله محمد محمود
264 1 _a[مكان النشر غير محدد] :
_b[الناشر غير محدد],
_c2008.
300 _a272 : صفحة
_bإيضاحيات، صور، مثيليات ؛
_c24 سم
336 _2rda content
_atext
337 _2rda media
_aComputer
338 _2rda carrier
_aOnline Resource
500 _aيشتمل علي ملاحق
504 _aيشتمل علي ارجاعات ببليوجرافية
546 _aالنص باللغة العربية
650 1 4 _aاجراءات وضمانات تأديب العاملين المدنين بالدولة
_2qrmak
651 1 _aالوظائف العامة
_2qrmak
856 4 0 _uhttps://fll.law.cu.edu.eg/fulltext/bks/B07-04817.pdf
905 _a161
942 _2ddc
_cBK
_e21
_n0
999 _c74716
_d74716